Innovative Romanian food biotechnology

Detalles Bibliográficos
Autor Corporativo: Universitatea Dunărea de Jos Galați
Formato: Electrónico Revista
Lenguaje:inglés
Publicado: Galaţi, Romania : Galaţi University Press
Materias:
Acceso en línea:Full text available from Research Library: 11/01/2007 to 11/30/2015

MARC

LEADER 00000nas a2200000 a 4500
001 ssj0000396477
003 WaSeSS
005 20200512172242.0
006 m d
007 cr n
008 100722c20079999rm fr pss 0 0eng c
010 |a  2012235474 
016 7 |a 101536541  |2 DNLM 
022 |a 1843-6099  |l 1843-6099 
035 |a (WaSeSS)ssj0000396477 
040 |a QE2  |b eng  |c QE2  |d CUS  |d OCLCQ  |d OCLCO  |d HLS  |d NLM  |d OCLCO  |d OCLCF  |d OCLCO  |d OCLCQ  |d OCLCO  |d OCLCQ  |d WT2  |d OCLCO  |d OCLCA  |d OCLCQ  |d AU@  |d OCLCA  |d OCLCQ  |d WaSeSS 
042 |a pcc 
050 4 |a TP248.65.F66 
060 1 0 |a W1 
130 0 |a Innovative Romanian food biotechnology (Online) 
210 1 |a Innov. Rom. Food Biotechnol. 
222 0 |a Innovative Romanian Food Biotechnology 
245 1 0 |a Innovative Romanian food biotechnology  |h [electronic resource]. 
260 |a Galaţi, Romania :  |b Galaţi University Press 
310 |a Semiannual 
362 1 |a Began with no. 1 in 2007. 
500 |a "An international scientific electronic jounral which publishes papers from all areas related to biotechnology, genomics, food research, health and nutrition, biosensors, food safety and waste bioconversion." 
506 |a License restrictions may limit access. 
538 |a Mode of access: World Wide Web. 
588 0 |a No. 1 (2007); title from journal home page (viewed Nov. 30, 2012). 
588 1 |a Vol. 13 (Sept. 2013) (viewed Jan. 10, 2014). 
650 0 |a Food  |x Biotechnology  |v Periodicals. 
650 0 |a Food  |x Composition  |v Periodicals. 
650 0 |a Food  |x Analysis  |v Periodicals. 
650 1 2 |a Food. 
650 1 2 |a Biotechnology. 
650 2 2 |a Food Analysis. 
650 2 2 |a Nutritional Sciences. 
650 7 |a Food  |x Analysis.  |2 fast  |0 (OCoLC)fst00930460 
650 7 |a Food  |x Biotechnology.  |2 fast  |0 (OCoLC)fst00930473 
650 7 |a Food  |x Composition.  |2 fast  |0 (OCoLC)fst00930485 
655 0 |a Electronic journals. 
710 2 |a Universitatea Dunărea de Jos Galați. 
856 4 0 |z Full text available from Research Library: 11/01/2007 to 11/30/2015  |u https://search.proquest.com/publication/60383